Sociology of education: A critical reader (Record no. 1389036)

MARC details
000 -LEADER
fixed length control field 00572nam a2200205Ia 4500
005 - DATE AND TIME OF LATEST TRANSACTION
control field 20250508164422.0
008 - FIXED-LENGTH DATA ELEMENTS--GENERAL INFORMATION
fixed length control field 008 250505s9999 xx 000 0 eng d
020 ## - INTERNATIONAL STANDARD BOOK NUMBER
International Standard Book Number 0-415-95497-5
037 ## - SOURCE OF ACQUISITION
Stock number Reference
040 ## - CATALOGING SOURCE
Original cataloging agency FEDL
Language of cataloging eng
Transcribing agency FEDL
041 ## - LANGUAGE CODE
Language code of text/sound track or separate title eng
Source of code eng
084 ## - COLON CLASSIFICATION NUMBER
Classification number 370.19, SAD
Assigning agency FEDL
100 ## - MAIN ENTRY--PERSONAL NAME
Personal name Sadovnik Alan R Ed.
9 (RLIN) 777139
245 #0 - TITLE STATEMENT
Title Sociology of education: A critical reader
260 ## - PUBLICATION, DISTRIBUTION, ETC.
Place of publication, distribution, etc. New York, USA
Name of publisher, distributor, etc. Routledge
Date of publication, distribution, etc. 2007
300 ## - PHYSICAL DESCRIPTION
Extent xvii,534p.
365 ## - TRADE PRICE
Price type code GBP
Price amount 21.99
942 ## - ADDED ENTRY ELEMENTS (KOHA)
Koha item type Reference
Classification part 370.19, SAD
Holdings
Withdrawn status Lost status Damaged status Not for loan Home library Current library Date acquired Cost, normal purchase price Total Checkouts Full call number Barcode Date last seen Price effective from Koha item type
        Department of Education Library Department of Education Library 2025-05-08 21.99   370.19, SAD EL0082661 2025-05-08 2025-05-08 Reference
Copyright @ Delhi University Library System